[Event "Lansing (Aug)"]
[Site "?"]
[Date "1992.??.??"]
[Round "?"]
[White "Sundeen, David"]
[Black "Purkey, L."]
[Result "0-1"]
[WhiteElo "1680"]
[BlackElo "1605"]
[PlyCount "71"]
[EventDate "1992.??.??"]

1. e4 c5 2. Nc3 d6 3. g3 Nc6 4. Bg2 Bd7 5. d3 Nf6 6. Nf3 g6 7. O-O Bg7 8. h3
Qc8 9. Kh2 h5 10. Nh4 Ne5 11. f4 Nc6 12. f5 Ne5 13. fxg6 fxg6 14. Bf4 g5 15.
Bxg5 Qc7 16. Bxf6 exf6 17. Nd5 Qd8 18. Nf5 Bxf5 19. Rxf5 Kf7 20. Rxh5 Qd7 21.
Qe2 Rag8 22. Rf1 Qd8 23. Rhf5 Rh6 24. c3 Bh8 25. R1f4 Ng6 26. Rg4 Ne7 27. Rxg8
Qxg8 28. Nxe7 Kxe7 29. d4 Rg6 30. Qf2 cxd4 31. cxd4 Qxa2 32. e5 fxe5 33. dxe5
Bxe5 34. Rf7+ Qxf7 35. Qxa7 Ke6 36. Bd5+ 0-1

[Event "East Lansing (MI Am/3)"]
[Site "?"]
[Date "1992.??.??"]
[Round "?"]
[White "Sundeen, David"]
[Black "Long, Randy"]
[Result "0-1"]
[WhiteElo "1690"]
[BlackElo "1825"]
[PlyCount "80"]
[EventDate "1992.??.??"]

1. e4 c5 2. Nc3 Nc6 3. g3 g6 4. Bg2 Bg7 5. d3 d6 6. Nf3 Nf6 7. O-O Bg4 8. h3
Bxf3 9. Bxf3 Qd7 10. Bg2 O-O-O 11. Ne2 Ne8 12. c3 Nc7 13. Rb1 d5 14. Kh2 dxe4
15. Bxe4 f5 16. Bxc6 Qxc6 17. Qc2 e5 18. Bg5 Bf6 19. Bxf6 Qxf6 20. f4 Rhe8 21.
fxe5 Qxe5 22. Rbe1 Re7 23. Qd2 Rde8 24. Rf2 Qe3 25. Qxe3 Rxe3 26. d4 cxd4 27.
cxd4 Nb5 28. d5 Kd7 29. Kg2 Nd4 30. Kf1 Nxe2 31. Rexe2 Rxe2 32. Rxe2 Rxe2 33.
Kxe2 Kd6 34. Ke3 Kxd5 35. Kd3 g5 36. b3 Ke5 37. Ke3 b5 38. a3 a5 39. b4 axb4
40. axb4 Kd5 0-1

[Event "Lansing (Aug)"]
[Site "?"]
[Date "1992.??.??"]
[Round "?"]
[White "Sundeen, David"]
[Black "LaGuire, D."]
[Result "1-0"]
[WhiteElo "1680"]
[BlackElo "1605"]
[PlyCount "77"]
[EventDate "1992.??.??"]

1. e4 e6 2. d4 d5 3. Nd2 Nf6 4. e5 Nfd7 5. Ndf3 c5 6. c3 Nc6 7. Bd3 cxd4 8.
cxd4 Bb4+ 9. Bd2 Qb6 10. Ne2 Nf8 11. O-O Bd7 12. Qb3 Ng6 13. Bxg6 hxg6 14. Bxb4
Qxb4 15. Qxb4 Nxb4 16. Rfd1 Ke7 17. a3 Nc6 18. Rdc1 f6 19. Rc3 b5 20. Rac1 Rhc8
21. Rc5 a6 22. b4 fxe5 23. Nxe5 Nxe5 24. dxe5 Rxc5 25. Rxc5 Rc8 26. Rxc8 Bxc8
27. h4 Bd7 28. g4 Be8 29. f4 Kd7 30. Kf2 Kc7 31. Nc1 d4 32. Ke2 Kc6 33. Kd3 Kb6
34. Nb3 Bc6 35. Kxd4 Bf3 36. g5 Bd5 37. Nc5 a5 38. Nd7+ Kc6 39. Nf8 1-0

[Event "East Lansing (MI Am/5)"]
[Site "?"]
[Date "1992.??.??"]
[Round "?"]
[White "Sundeen, David"]
[Black "LaGuire, D."]
[Result "1-0"]
[WhiteElo "1690"]
[BlackElo "1605"]
[PlyCount "117"]
[EventDate "1992.??.??"]

1. e4 c5 2. Nc3 Nc6 3. g3 g6 4. Bg2 Bg7 5. d3 d6 6. h3 e6 7. Nf3 Nge7 8. Be3
O-O 9. Qd2 Rb8 10. O-O b5 11. Bh6 Nd4 12. Bxg7 Nxf3+ 13. Bxf3 Kxg7 14. Bg2 Bd7
15. Ne2 Qb6 16. Kh2 f5 17. f4 Bc6 18. Ng1 e5 19. fxe5 dxe5 20. Qg5 Qc7 21. exf5
Rf6 22. Bxc6 Nxc6 23. fxg6 Rxg6 24. Qe3 Nd4 25. Qf2 Qe7 26. c3 Ne6 27. Qe3 Ng5
28. Rf5 e4 29. h4 Nf7 30. Raf1 Ne5 31. Qf4 exd3 32. Qxe5+ Qxe5 33. Rxe5 Rd8 34.
Rd1 d2 35. Re2 Rd3 36. Rdxd2 Rgxg3 37. Rg2 Rxg2+ 38. Rxg2+ Kf6 39. Rf2+ Ke5 40.
Nf3+ Ke4 41. Ng5+ Ke3 42. Rf3+ Kd2 43. Rxd3+ Kxd3 44. Nxh7 b4 45. h5 bxc3 46.
bxc3 Kxc3 47. h6 Kb2 48. Ng5 a5 49. h7 Kxa2 50. h8=Q c4 51. Qc3 a4 52. Ne4 Kb1
53. Qxc4 a3 54. Qb3+ Ka1 55. Qxa3+ Kb1 56. Qc3 Ka2 57. Qb4 Ka1 58. Nf2 Ka2 59.
Nd3 1-0

[Event "Lansing (Apr)"]
[Site "?"]
[Date "1992.??.??"]
[Round "?"]
[White "Sundeen, David"]
[Black "Hayes, Tim"]
[Result "1-0"]
[WhiteElo "1725"]
[BlackElo "1605"]
[PlyCount "125"]
[EventDate "1992.??.??"]

1. e4 c5 2. Nc3 Nc6 3. g3 d6 4. Bg2 Nf6 5. d3 e6 6. Nf3 Be7 7. O-O Bd7 8. h3
Nd4 9. Nxd4 cxd4 10. Ne2 e5 11. c3 dxc3 12. Nxc3 Bc6 13. Be3 d5 14. d4 exd4 15.
Qxd4 dxe4 16. Qe5 O-O 17. Nxe4 Re8 18. Nxf6+ Bxf6 19. Qc5 Bxg2 20. Kxg2 b6 21.
Qc2 Rc8 22. Qb3 Qe7 23. Rad1 Qe4+ 24. Kh2 Re7 25. Rd3 h6 26. Rfd1 Qc6 27. Rd6
Qc2 28. Rd8+ Kh7 29. Rxc8 Qxc8 30. Qd3+ Kg8 31. b3 Bg5 32. Bxg5 hxg5 33. Qd5
Qc5 34. Qxc5 bxc5 35. Rd2 f6 36. Kg2 Kf7 37. g4 Ke8 38. Kf3 Re6 39. Re2 Rxe2
40. Kxe2 Kd7 41. Ke3 a5 42. a4 Kd6 43. Ke4 Ke6 44. f3 g6 45. Kd3 Kd5 46. Kc3 f5
47. Kd3 c4+ 48. bxc4+ Kc5 49. gxf5 gxf5 50. f4 g4 51. h4 g3 52. Ke3 Kxc4 53. h5
Kb4 54. h6 Kxa4 55. h7 g2 56. Kf2 g1=Q+ 57. Kxg1 Kb3 58. h8=Q a4 59. Qa1 a3 60.
Kf2 a2 61. Ke3 Ka3 62. Kd4 Kb4 63. Qxa2 1-0

[Event "East Lansing (MI Am/2)"]
[Site "?"]
[Date "1992.??.??"]
[Round "?"]
[White "Sundeen, David"]
[Black "Gaiefsky, S."]
[Result "1-0"]
[WhiteElo "1690"]
[BlackElo "1605"]
[PlyCount "49"]
[EventDate "1992.??.??"]

1. e4 c5 2. Nc3 Nc6 3. g3 e5 4. Bg2 Nf6 5. d3 h6 6. Nf3 Be7 7. O-O d6 8. h3 O-O
9. Kh2 Qd7 10. Nh4 Nd4 11. Nf3 Ne6 12. Ne2 Nh7 13. c3 Neg5 14. Neg1 Kh8 15. Nh4
Qe6 16. Nf5 Qf6 17. Nxe7 Qxe7 18. f4 exf4 19. Bxf4 Ne6 20. Be3 Nf6 21. Ne2 Nh5
22. g4 Nhf4 23. Nxf4 Ng5 24. Bf2 f6 25. Ng6+ 1-0

[Event "Lansing (Apr)"]
[Site "?"]
[Date "1992.??.??"]
[Round "?"]
[White "Sundeen, David"]
[Black "Franklin, Stan"]
[Result "0-1"]
[WhiteElo "1725"]
[BlackElo "1705"]
[PlyCount "120"]
[EventDate "1992.??.??"]

1. e4 e6 2. d4 d5 3. Nd2 c5 4. exd5 Qxd5 5. Ngf3 cxd4 6. Bc4 Qd8 7. Nb3 Nc6 8.
Nbxd4 Nxd4 9. Qxd4 Bd7 10. Be3 Nf6 11. O-O b6 12. Bg5 Be7 13. Rad1 h6 14. Bf4
O-O 15. Ne5 Be8 16. Qe3 Qc8 17. Bb3 Bc5 18. Qf3 Nh7 19. Rfe1 g5 20. Bg3 Kg7 21.
Ng4 Bc6 22. Be5+ f6 23. Bxf6+ Nxf6 24. Qc3 Bd5 25. Bxd5 exd5 26. Nxf6 Rxf6 27.
Kh1 Qf5 28. f3 Raf8 29. a3 Kg6 30. Re5 d4 31. Rxf5 dxc3 32. Rxf6+ Rxf6 33. bxc3
Rd6 34. Rxd6+ Bxd6 35. a4 Be5 36. c4 Bd4 37. g4 Kf6 38. Kg2 Ke6 39. Kf1 Kd6 40.
Ke2 Kc5 41. Kd3 Be5 42. h3 Kb4 43. Ke4 Bf4 44. h4 Kxa4 45. h5 Kb4 46. Kf5 a5
47. Kg6 a4 48. Kxh6 a3 49. Kg6 a2 50. c3+ Kxc3 51. h6 Be5 52. Kxg5 a1=Q 53. f4
Bh8 54. Kg6 Kxc4 55. f5 Qf6+ 56. Kh5 Qf7+ 57. Kg5 b5 58. Kf4 b4 59. g5 Qh5 60.
f6 Bxf6 0-1

[Event "Detroit (MOR/5/55)"]
[Site "?"]
[Date "1992.??.??"]
[Round "?"]
[White "Sundeen, David"]
[Black "Brown, S."]
[Result "1/2-1/2"]
[WhiteElo "1680"]
[BlackElo "1605"]
[PlyCount "70"]
[EventDate "1992.??.??"]

{5/(55)} 1. e4 c5 2. Nc3 Nc6 3. g3 g6 4. Bg2 Bg7 5. d3 Nf6 6. f4 d6 7. Nf3 Bg4
8. Be3 Qa5 9. Qd2 Nd7 10. O-O Nd4 11. a3 Nxf3+ 12. Bxf3 Bxf3 13. Rxf3 Bd4 14.
Rb1 Rb8 15. Kg2 b5 16. Nd5 Qxd2+ 17. Bxd2 e6 18. Ne3 O-O 19. b4 Rfc8 20. c4
Bxe3 21. Rxe3 bxc4 22. dxc4 cxb4 23. Rxb4 Nb6 24. Reb3 Rc6 25. Be3 Rbc8 26.
Bxb6 axb6 27. Rxb6 Rxc4 28. Rxd6 Rxe4 29. Kf3 f5 30. Rbd3 Rc2 31. Rd7 Ree2 32.
Ra7 Rf2+ 33. Ke3 Rfe2+ 34. Kf3 Rf2+ 35. Ke3 Rfe2+ 1/2-1/2

[Event "Detroit (MOR/1b/46)"]
[Site "?"]
[Date "1992.??.??"]
[Round "?"]
[White "Sundeen, David"]
[Black "Aydar, A."]
[Result "1-0"]
[WhiteElo "1680"]
[BlackElo "1605"]
[PlyCount "55"]
[EventDate "1992.??.??"]

1. e4 c6 2. d4 d5 3. e5 Bf5 4. Nf3 Nd7 5. Be2 e6 6. O-O c5 7. Be3 cxd4 8. Bxd4
h6 9. c4 dxc4 10. Bxc4 Ne7 11. Nbd2 Nc6 12. Bb5 Nxd4 13. Nxd4 Bh7 14. Qa4 a6
15. Bxd7+ Qxd7 16. Qxd7+ Kxd7 17. Rfc1 Be7 18. Nc4 Rad8 19. Nb3 b5 20. Nca5 Rc8
21. Rd1+ Ke8 22. Rac1 Ra8 23. Nb7 Bg5 24. Rc7 Kf8 25. Rdd7 Bg6 26. Nd6 f5 27.
Nc5 Rh7 28. Nxe6+ 1-0

[Event "Detroit (MI Op/6/5)"]
[Site "?"]
[Date "1992.??.??"]
[Round "?"]
[White "Strugach, L."]
[Black "Norman, Bryan"]
[Result "1/2-1/2"]
[WhiteElo "2400"]
[BlackElo "2255"]
[PlyCount "72"]
[EventDate "1992.??.??"]

{6/(5)} 1. d4 d5 2. Nc3 Nf6 3. Bg5 Nbd7 4. Nf3 h6 5. Bh4 e6 6. e3 c5 7. dxc5
Nxc5 8. Be2 Be7 9. O-O O-O 10. Qd4 Nfe4 11. Bxe7 Qxe7 12. Rad1 Bd7 13. Ne5 Nxc3
14. Qxc3 Rac8 15. Qd4 a6 16. b4 Ne4 17. c4 Ba4 18. Rb1 Rfd8 19. Rfc1 Qf6 20. f4
Qh4 21. Rf1 Bc2 22. Nf3 Qe7 23. Rbc1 dxc4 24. Qb6 Rd6 25. Qa7 Bd3 26. Bxd3 Rxd3
27. Ne5 Rd2 28. Rxc4 Rxc4 29. Nxc4 Rxa2 30. b5 Qb4 31. bxa6 Qxc4 32. axb7 Rxg2+
33. Kxg2 Qe2+ 34. Kg1 Qg4+ 35. Kh1 Ng3+ 36. Kg2 Ne4+ 1/2-1/2

[Event "Detroit (MI Op/2/4)"]
[Site "?"]
[Date "1992.??.??"]
[Round "?"]
[White "Strugach, L."]
[Black "Martin, K."]
[Result "1-0"]
[WhiteElo "2400"]
[BlackElo "2055"]
[PlyCount "79"]
[EventDate "1992.??.??"]

{2/(4)} 1. d4 f5 2. e4 fxe4 3. Nc3 Nf6 4. f3 d5 5. fxe4 Nxe4 6. Qh5+ g6 7. Qxd5
Nxc3 8. Qxd8+ Kxd8 9. bxc3 Bf5 10. Nf3 Bg7 11. Ng5 Kd7 12. Bc4 c5 13. Rb1 b6
14. Be3 cxd4 15. cxd4 Nc6 16. Rd1 a6 17. O-O b5 18. Bd5 Rac8 19. c4 Nb4 20.
Rxf5 gxf5 21. Be6+ Kc7 22. Bxf5 Bf6 23. a3 Bxg5 24. Bxg5 Rcf8 25. Be4 Nc6 26.
cxb5 h6 27. Bh4 Nb8 28. bxa6 Nxa6 29. Bxe7 Rf4 30. Bf3 Re8 31. d5 Kd7 32. d6
Nc5 33. Rc1 Nd3 34. Rc7+ Ke6 35. d7 Kxe7 36. dxe8=Q+ Kxe8 37. Rc3 Rd4 38. Be2
Nf4 39. Bf1 Ra4 40. Bb5+ 1-0

[Event "Detroit (MI Op/4/9)"]
[Site "?"]
[Date "1992.??.??"]
[Round "?"]
[White "Strugach, L."]
[Black "Mailing, Ian"]
[Result "1-0"]
[WhiteElo "2400"]
[BlackElo "1660"]
[PlyCount "27"]
[EventDate "1992.??.??"]

{4/(9)} 1. d4 Nf6 2. c4 g6 3. Nc3 Bg7 4. e4 d6 5. Bd3 O-O 6. f4 e5 7. fxe5 dxe5
8. d5 Nbd7 9. Bg5 h6 10. Bh4 Qe7 11. Nf3 Qb4 12. a3 Qxb2 13. Na4 Qxg2 14. Rg1
1-0

[Event "Detroit (MI Op/2/17)"]
[Site "?"]
[Date "1992.??.??"]
[Round "?"]
[White "Strugach, A."]
[Black "Walker, Douglas"]
[Result "1/2-1/2"]
[WhiteElo "2100"]
[BlackElo "1815"]
[PlyCount "150"]
[EventDate "1992.??.??"]

{2/(17)} 1. d4 Nf6 2. Nc3 d5 3. Bg5 Nbd7 4. Nf3 c6 5. e3 Qa5 6. Qd2 e6 7. a3
Bb4 8. Bxf6 Nxf6 9. Bd3 O-O 10. O-O Bxc3 11. bxc3 c5 12. c4 Qxd2 13. Nxd2 cxd4
14. exd4 Bd7 15. c5 Rfe8 16. Rfe1 Bc6 17. a4 a6 18. a5 Nd7 19. f4 f6 20. Nf3
Re7 21. Re3 Rae8 22. Rae1 Nb8 23. Nh4 g6 24. f5 g5 25. Nf3 g4 26. Nh4 e5 27.
dxe5 Rxe5 28. Rxe5 Rxe5 29. Rxe5 fxe5 30. Be2 h5 31. Ng6 e4 32. Nf4 Nd7 33.
Nxh5 Nxc5 34. Nf6+ Kf8 35. Nxg4 d4 36. Ne5 Bb5 37. Bxb5 axb5 38. f6 d3 39. cxd3
exd3 40. Kf1 b4 41. Ke1 b3 42. Nc4 Kf7 43. Kd2 Kxf6 44. Nb2 Kf5 45. Nxd3 b2 46.
Nxb2 Nb3+ 47. Ke3 Nxa5 48. h3 b5 49. g4+ Kg5 50. Kf3 Nc6 51. Kg3 Ne5 52. h4+
Kh6 53. Kf4 Ng6+ 54. Kg3 Ne5 55. Kh3 Nc4 56. Nd3 Ne3 57. g5+ Kg6 58. Ne5+ Kg7
59. h5 b4 60. h6+ Kh7 61. Kh4 Nf5+ 62. Kh5 Ng3+ 63. Kg4 Ne4 64. Kf5 b3 65. Nd3
Nd6+ 66. Ke6 Ne4 67. Kf5 Nd6+ 68. Kg4 Kg6 69. Ne5+ Kh7 70. Kh5 b2 71. g6+ Kg8
72. h7+ Kg7 73. Nf7 Nxf7 74. gxf7 b1=Q 75. h8=Q+ Kxf7 1/2-1/2

[Event "Detroit (MI Op/3/16)"]
[Site "?"]
[Date "1992.??.??"]
[Round "?"]
[White "Strugach, A."]
[Black "Robbins, Fred"]
[Result "1-0"]
[WhiteElo "2100"]
[BlackElo "1870"]
[PlyCount "104"]
[EventDate "1992.??.??"]

{3/(16)} 1. d4 c5 2. d5 Nf6 3. c4 Ne4 4. Qc2 Qa5+ 5. Nd2 Nd6 6. e4 e6 7. Ngf3
g6 8. b3 Bg7 9. Bb2 O-O 10. Bxg7 Kxg7 11. Qb2+ Kg8 12. Bd3 Na6 13. h4 exd5 14.
cxd5 c4 15. bxc4 Nc5 16. Qc2 b6 17. e5 Nxd3+ 18. Qxd3 Re8 19. Kf1 Nf5 20. h5
Ba6 21. hxg6 fxg6 22. g4 Ne7 23. Ne4 Rf8 24. Nf6+ Rxf6 25. exf6 Nxd5 26. Kg1
Nxf6 27. g5 Ne8 28. Qxd7 Ng7 29. Qd5+ Qxd5 30. cxd5 Bb7 31. Rd1 Rd8 32. Rh4
Rxd5 33. Rhd4 Rxd4 34. Nxd4 Kf7 35. Nb5 Ke7 36. Nxa7 Nf5 37. Rb1 Nd4 38. Rxb6
Bd5 39. Nc8+ Kd7 40. Rd6+ Kxc8 41. Rxd5 Nc6 42. Rc5 Kd7 43. Rxc6 Kxc6 44. Kg2
Kb5 45. Kg3 Ka4 46. Kf4 Ka3 47. Ke5 Kxa2 48. Kf6 Kb3 49. Kg7 Kc4 50. Kxh7 Kd5
51. Kxg6 Ke6 52. f4 Ke7 1-0

[Event "Detroit (MI Op/5/8)"]
[Site "?"]
[Date "1992.??.??"]
[Round "?"]
[White "Strugach, A."]
[Black "Finegold, Mark"]
[Result "1-0"]
[WhiteElo "2100"]
[BlackElo "2235"]
[PlyCount "49"]
[EventDate "1992.??.??"]

{5/(8)} 1. d4 d5 2. Nc3 Nf6 3. Bg5 Bf5 4. e3 e6 5. Bd3 Bxd3 6. cxd3 Nbd7 7.
Nge2 Be7 8. O-O O-O 9. Rc1 c6 10. f4 Ne8 11. Bxe7 Qxe7 12. e4 dxe4 13. dxe4 c5
14. Kh1 Nd6 15. dxc5 Nxc5 16. Qd4 Rac8 17. b4 Na6 18. a3 b6 19. Qd3 Nc4 20. Nb5
Rfd8 21. Ned4 Nd6 22. Rxc8 Rxc8 23. Nxd6 Qxd6 24. Qxa6 Qxd4 25. Qxc8+ 1-0

[Event "Detroit (MI Op/7/1)"]
[Site "?"]
[Date "1992.??.??"]
[Round "?"]
[White "Stone, Ray"]
[Black "Tsemekhman, Vadim"]
[Result "0-1"]
[WhiteElo "2420"]
[BlackElo "2435"]
[PlyCount "68"]
[EventDate "1992.??.??"]

{7/(1)} 1. d4 Nf6 2. Nf3 g6 3. c4 Bg7 4. Nc3 d6 5. e4 O-O 6. Be2 e5 7. O-O Nc6
8. d5 Ne7 9. Ne1 Nd7 10. Nd3 f5 11. Bd2 Nf6 12. f3 f4 13. c5 g5 14. cxd6 cxd6
15. Nf2 Rf7 16. Qc2 Ng6 17. Rfc1 a6 18. a4 h5 19. h3 Nh4 20. Qd1 Bf8 21. a5 g4
22. fxg4 hxg4 23. hxg4 Rg7 24. Na4 Nxg2 25. Rxc8 Rxc8 26. Kxg2 Nh5 27. Nh1 Qh4
28. Be1 f3+ 29. Bxf3 Nf4+ 30. Kg1 Qh3 31. Nf2 Qg3+ 32. Kf1 Rc2 33. Bh1 Rxf2+
34. Bxf2 Qh3+ 0-1

[Event "Detroit (MI Op/4/5)"]
[Site "?"]
[Date "1992.??.??"]
[Round "?"]
[White "Stone, Ray"]
[Black "Strugach, A."]
[Result "1/2-1/2"]
[WhiteElo "2420"]
[BlackElo "2100"]
[PlyCount "123"]
[EventDate "1992.??.??"]

{4/(5)} 1. d4 Nf6 2. c4 e6 3. Nf3 d5 4. Nc3 c6 5. e3 Be7 6. Bd3 O-O 7. O-O Nbd7
8. b3 Re8 9. Bb2 Bd6 10. Qc2 e5 11. cxd5 cxd5 12. Nb5 Bb8 13. dxe5 Nxe5 14.
Nxe5 Bxe5 15. Bxe5 Rxe5 16. Qc7 Qxc7 17. Nxc7 Rb8 18. Nb5 a6 19. Nd4 Bd7 20.
Rfc1 g6 21. Rc7 Ree8 22. Rac1 Rec8 23. b4 Ne8 24. R7c5 Ng7 25. b5 axb5 26. Bxb5
Ne6 27. Nxe6 Bxe6 28. Kf1 Rxc5 29. Rxc5 Rc8 30. Rxc8+ Bxc8 31. Ke2 Kf8 32. Kd3
Ke7 33. Kd4 Kd6 34. h4 h6 35. Be8 Ke7 36. Ba4 Kd6 37. Bb3 Be6 38. a3 g5 39.
hxg5 hxg5 40. f3 f6 41. g4 b6 42. Ba2 Bd7 43. Bxd5 Ba4 44. Bb7 Bd1 45. Ba8 Ke6
46. Kc4 Be2+ 47. Kc3 Ke5 48. Be4 Bd1 49. Kb4 Be2 50. Kc3 Bd1 51. Kd2 Ba4 52.
Ke2 Kd6 53. f4 Bd7 54. Bf3 Kc5 55. Kd3 Kb5 56. Bd1 Kc5 57. Ke4 Kc4 58. fxg5
fxg5 59. Ke5 Kd3 60. Kf6 Kxe3 61. Kxg5 Kd2 62. Bf3 1/2-1/2

[Event "Detroit (MI Op/1a/4)"]
[Site "?"]
[Date "1992.??.??"]
[Round "?"]
[White "Stone, Ray"]
[Black "Levadi, David"]
[Result "1/2-1/2"]
[WhiteElo "2420"]
[BlackElo "1975"]
[PlyCount "37"]
[EventDate "1992.??.??"]

1. d4 d5 2. c4 Nf6 3. cxd5 Nxd5 4. Nf3 c5 5. e4 Nc7 6. Nc3 cxd4 7. Qxd4 Qxd4 8.
Nxd4 a6 9. Bc4 e5 10. Nf5 Nc6 11. Be3 g6 12. Ng3 Be6 13. Bxe6 Nxe6 14. Nd5 Nb4
15. Nxb4 Bxb4+ 16. Ke2 Rc8 17. Rac1 Ke7 18. a3 Bc5 19. Bxc5+ 1/2-1/2

[Event "Detroit (MI Op/3/9)"]
[Site "?"]
[Date "1992.??.??"]
[Round "?"]
[White "Stone, Ray"]
[Black "Fuller, William"]
[Result "1-0"]
[WhiteElo "2420"]
[BlackElo "2030"]
[PlyCount "35"]
[EventDate "1992.??.??"]

{3/(9)} 1. d4 d5 2. c4 e6 3. Nc3 Be7 4. Nf3 Nf6 5. Bg5 O-O 6. e3 h6 7. Bh4 b6
8. Be2 Bb7 9. Bxf6 Bxf6 10. cxd5 exd5 11. b4 c5 12. bxc5 bxc5 13. Rb1 Bc6 14.
O-O Nd7 15. Bb5 Qc7 16. Qc2 cxd4 17. Nxd5 d3 18. Qxc6 1-0

[Event "Detroit (MOR/5/96)"]
[Site "?"]
[Date "1992.??.??"]
[Round "?"]
[White "Stockton, T."]
[Black "Walker, Anthony"]
[Result "1-0"]
[WhiteElo "1605"]
[BlackElo "1605"]
[PlyCount "65"]
[EventDate "1992.??.??"]

{5/(96)} 1. e4 e6 2. d4 d5 3. Nc3 Bb4 4. exd5 Bxc3+ 5. bxc3 exd5 6. Nf3 Nf6 7.
Bd3 Ne4 8. Bd2 O-O 9. O-O h6 10. Re1 Re8 11. Rb1 b6 12. h3 Bb7 13. Re3 Nd7 14.
Qe2 Ndf6 15. Ne5 Nd7 16. Bb5 a5 17. Bxd7 Ba6 18. Bb5 Nxd2 19. Qxd2 Bxb5 20.
Rxb5 c6 21. Rb1 f6 22. Nf3 Qc8 23. Rxe8+ Qxe8 24. Rxb6 Rb8 25. Qe3 Qc8 26. Rb3
a4 27. Rb4 Qc7 28. Ne1 Kf7 29. Qg3 Qe7 30. Rxb8 Qxe1+ 31. Kh2 Qc1 32. Rb7+ Ke8
33. Qe3+ 1-0

[Event "Detroit (MOR/3/87)"]
[Site "?"]
[Date "1992.??.??"]
[Round "?"]
[White "Stockton, T."]
[Black "Vangilder, D."]
[Result "1/2-1/2"]
[WhiteElo "1605"]
[BlackElo "1605"]
[PlyCount "38"]
[EventDate "1992.??.??"]

{3/(87)} 1. e4 Nf6 2. e5 Nd5 3. c4 Nb6 4. d4 d6 5. Nf3 Bg4 6. exd6 cxd6 7. Be2
g6 8. O-O Bg7 9. Be3 O-O 10. Nbd2 Nc6 11. Re1 Rc8 12. h3 Bxf3 13. Nxf3 Na5 14.
b3 Nc6 15. Qd2 Re8 16. Rad1 e5 17. d5 Ne7 18. Bd3 Qc7 19. Bb1 a6 1/2-1/2

[Event "Detroit (Pan Am/5)"]
[Site "?"]
[Date "1992.??.??"]
[Round "?"]
[White "Stockton, T."]
[Black "Thurman, John"]
[Result "0-1"]
[WhiteElo "1605"]
[BlackElo "1730"]
[PlyCount "70"]
[EventDate "1992.??.??"]

1. e4 e5 2. Nf3 Nc6 3. Bc4 Bc5 4. b4 Bxb4 5. c3 Ba5 6. d4 exd4 7. Qb3 Qe7 8.
O-O Bxc3 9. Nxc3 Na5 10. Bxf7+ Qxf7 11. Qxf7+ Kxf7 12. Nxd4 c6 13. Nf5 Nc4 14.
Bf4 d5 15. Nd6+ Nxd6 16. Bxd6 dxe4 17. Nxe4 Bf5 18. Rfe1 Nf6 19. Nxf6 Kxf6 20.
Be7+ Kf7 21. Rad1 Be6 22. Bh4 Rhe8 23. f3 Rac8 24. Re5 c5 25. Rd3 b5 26. a3 c4
27. Rc3 a6 28. Bf2 Rcd8 29. Bc5 Rd1+ 30. Kf2 Red8 31. Bb4 R8d2+ 32. Kg3 Rg1 33.
Rce3 Rgxg2+ 34. Kf4 Rd4+ 35. R5e4 g5+ 0-1

[Event "Detroit (MOR/6/79)"]
[Site "?"]
[Date "1992.??.??"]
[Round "?"]
[White "Stockton, T."]
[Black "Puryear, Douglas"]
[Result "1/2-1/2"]
[WhiteElo "1605"]
[BlackElo "1605"]
[PlyCount "117"]
[EventDate "1992.??.??"]

{6/(79)} 1. e4 e5 2. Nf3 Nc6 3. Bc4 d6 4. h3 Be7 5. O-O Nf6 6. Re1 O-O 7. c3
Be6 8. Bb3 Na5 9. Bc2 c5 10. d4 cxd4 11. cxd4 exd4 12. Nxd4 Bd7 13. Nd2 Qb6 14.
N2f3 Rfe8 15. b3 Rad8 16. Be3 Qc7 17. Rc1 Nc6 18. Kh1 Ne5 19. Nh2 Qa5 20. Qe2
Rc8 21. Bb1 Nc6 22. Nhf3 Nxd4 23. Bxd4 Bc6 24. Bc3 Qh5 25. Nd4 Qxe2 26. Rxe2 d5
27. e5 Ne4 28. Bxe4 dxe4 29. Nxc6 Rxc6 30. Ree1 Bg5 31. Rc2 Rec8 32. Rxe4 Rxc3
33. Rxc3 Rxc3 34. f4 Be7 35. f5 Rc1+ 36. Kh2 Rc2 37. Rd4 Rxa2 38. Rd7 Bg5 39.
e6 fxe6 40. fxe6 Re2 41. Rxb7 Rxe6 42. Rb4 a5 43. Rb5 Bd2 44. Kg3 h6 45. Kg4
Bb4 46. Kf3 Rc6 47. Kf4 Rc3 48. Kf5 Rxb3 49. g4 Rxh3 50. Kg6 Rf3 51. g5 hxg5
52. Kxg5 Rf8 53. Kg6 Bc3 54. Rc5 Bb4 55. Rc7 Rf6+ 56. Kg5 a4 57. Ra7 a3 58. Ra4
Be7 59. Ra5 1/2-1/2

[Event "Detroit (MOR/2/113)"]
[Site "?"]
[Date "1992.??.??"]
[Round "?"]
[White "Stockton, T."]
[Black "Pratto, R."]
[Result "1-0"]
[WhiteElo "1605"]
[BlackElo "1605"]
[PlyCount "79"]
[EventDate "1992.??.??"]

{2/(113)} 1. e4 c5 2. Nf3 d6 3. d4 cxd4 4. Nxd4 Nf6 5. Nc3 a6 6. Be2 g6 7. Be3
Bg7 8. Qd2 O-O 9. O-O-O Bd7 10. h4 h5 11. f3 Qc8 12. Rdg1 Nc6 13. Nxc6 Bxc6 14.
Nd5 Bxd5 15. exd5 b5 16. g4 hxg4 17. fxg4 Ne4 18. Qd3 Nc5 19. Bxc5 Qxc5 20. h5
Qd4 21. Qxd4 Bxd4 22. Rg2 Be3+ 23. Kb1 g5 24. Bd3 Kh8 25. Re2 Bf4 26. Rxe7 Be5
27. Rf1 f6 28. Bf5 Rae8 29. Rh7+ Kg8 30. c3 Rf7 31. Rxf7 Kxf7 32. Bg6+ Ke7 33.
Bxe8 Kxe8 34. Kc2 Kf7 35. Kd3 Kg7 36. Ke4 Kh6 37. Kf5 Kg7 38. Ke6 Bf4 39. b3
Be5 40. Ke7 1-0

[Event "Detroit (Pan Am/2)"]
[Site "?"]
[Date "1992.??.??"]
[Round "?"]
[White "Stockton, T."]
[Black "Kane, Paul"]
[Result "1-0"]
[WhiteElo "1605"]
[BlackElo "1605"]
[PlyCount "85"]
[EventDate "1992.??.??"]

1. e4 c5 2. Nf3 d6 3. d4 cxd4 4. Nxd4 Nf6 5. Nc3 a6 6. Bc4 e6 7. Bb3 Be7 8. O-O
O-O 9. Be3 Qc7 10. f4 b5 11. f5 Nc6 12. fxe6 Nxd4 13. exf7+ Kh8 14. Bxd4 Bg4
15. Qd2 Bh5 16. Nd5 Nxd5 17. Bxd5 Rac8 18. Qh6 Rxf7 19. Bxf7 Bf6 20. Bxf6 Qxf7
21. Bxg7+ Qxg7 22. Qxh5 Rg8 23. Qf3 Qxb2 24. Qf6+ Qxf6 25. Rxf6 Rd8 26. Rd1 a5
27. Rfxd6 Rf8 28. Rd8 Kg7 29. Rxf8 Kxf8 30. Rd7 h5 31. Kf2 Ke8 32. Ra7 a4 33.
Kf3 Kd8 34. Kf4 Kc8 35. Ke5 Kb8 36. Rh7 b4 37. Kd6 b3 38. cxb3 axb3 39. axb3 h4
40. Kc6 h3 41. g3 Ka8 42. Kb6 Kb8 43. Rh8# 1-0

[Event "East Lansing (MI Am/3)"]
[Site "?"]
[Date "1992.??.??"]
[Round "?"]
[White "Stockton, T."]
[Black "Jensen, D."]
[Result "0-1"]
[WhiteElo "1605"]
[BlackElo "1605"]
[PlyCount "92"]
[EventDate "1992.??.??"]

1. d4 d5 2. Nf3 Nf6 3. Bg5 e6 4. e3 Be7 5. Bd3 c5 6. c3 Nc6 7. Nbd2 Qc7 8. Qe2
e5 9. dxe5 Nxe5 10. Bf4 Bd6 11. Nxe5 Bxe5 12. Bxe5 Qxe5 13. Nf3 Qh5 14. O-O-O
O-O 15. h3 Ne4 16. g4 Qh6 17. Bxe4 dxe4 18. Ne5 Be6 19. Kb1 Qf6 20. Nd7 Bxd7
21. Rxd7 Rad8 22. Rhd1 Rxd7 23. Rxd7 b6 24. Qa6 Rd8 25. Qxa7 Rxd7 26. Qxd7 g6
27. Qe8+ Kg7 28. Qxe4 Qxf2 29. Qe5+ Qf6 30. Qxf6+ Kxf6 31. Kc2 Ke5 32. b4 Kd5
33. Kd3 c4+ 34. Kd2 b5 35. Ke2 Ke4 36. Kd2 f5 37. gxf5 gxf5 38. a4 bxa4 39. b5
Kd5 40. b6 Kc6 41. Kc2 Kxb6 42. Kb2 Kc5 43. Ka3 Kd5 44. Kxa4 Ke4 45. Kb4 Kd3
46. h4 h5 0-1

[Event "Detroit (Pan Am/3)"]
[Site "?"]
[Date "1992.??.??"]
[Round "?"]
[White "Stockton, T."]
[Black "Gaiefsky, Mike"]
[Result "1/2-1/2"]
[WhiteElo "1605"]
[BlackElo "1815"]
[PlyCount "59"]
[EventDate "1992.??.??"]

1. e4 c5 2. Nf3 Nc6 3. d4 cxd4 4. Nxd4 g6 5. c4 Bg7 6. Nb3 Nf6 7. Nc3 O-O 8.
Be3 d6 9. Be2 a5 10. O-O Ne5 11. h3 Be6 12. Nd2 Rc8 13. Nd5 Rc6 14. Qb3 Bxd5
15. cxd5 Rc8 16. Bb6 Qe8 17. Bb5 Ned7 18. Bxa5 Nc5 19. Bxe8 Nxb3 20. Bxf7+ Rxf7
21. axb3 Bh6 22. Rfc1 Ra8 23. f3 Be3+ 24. Kh1 Rxa5 25. Rxa5 Bxd2 26. Rc8+ Kg7
27. Rb5 b6 28. Rxb6 Be3 29. Rb4 Nh5 30. Kh2 1/2-1/2

[Event "Lansing (Apr)"]
[Site "?"]
[Date "1992.??.??"]
[Round "?"]
[White "Stockton, T."]
[Black "Clough, E."]
[Result "1-0"]
[WhiteElo "1605"]
[BlackElo "1605"]
[PlyCount "67"]
[EventDate "1992.??.??"]

1. e4 e5 2. Nf3 Nc6 3. Bc4 Bc5 4. c3 Nge7 5. d4 d5 6. exd5 Nxd5 7. dxc5 Be6 8.
O-O Qe7 9. Bxd5 O-O-O 10. Bxe6+ Qxe6 11. Bd2 f6 12. Re1 e4 13. h3 h6 14. Nh2 f5
15. Nf1 g6 16. Ne3 h5 17. c4 f4 18. Nd5 Rhf8 19. Nbc3 f3 20. Rxe4 Qf7 21. g3
Qf5 22. Kh2 Ne5 23. Ne7+ Kb8 24. Nxf5 gxf5 25. Rxe5 f4 26. Rxh5 fxg3+ 27. Kxg3
Rg8+ 28. Kxf3 Rd3+ 29. Ke2 Rgd8 30. Nd5 Rd4 31. b3 Re8+ 32. Kf3 Rf8+ 33. Ke3
Rdf4 34. Nxf4 1-0